|
|
|
|
| LEADER |
01038nab#a2200301#ar4500 |
| 001 |
000071702 |
| 003 |
SVKKK |
| 005 |
20010411xxxxxxx. |
| 008 |
06 c xo huno |
| FMT |
|
|
|
| 038 |
|
|
|a SVKKK
|
| 040 |
|
|
|a SVKKK
|b slo
|e AACR2
|
| 041 |
0 |
|
|a hun
|
| 044 |
|
|
|a xo
|c SK
|
| 080 |
|
|
|a 336.72-051
|
| 080 |
|
|
|a 393
|
| 242 |
1 |
0 |
|a Úmrtie
|
| 245 |
0 |
0 |
|a Halálozás
|
| 520 |
2 |
|
|a Správa o úmrtí Ladislava (László) Hevessyho st. dňa 1. 11. 1917 v Tornali. Patril k zakladateľom Sporiteľne v Tornali a bol členom jej riaditeľskej rady a kontrolnej komisie. [Literatúra: Forgon, M., 296].
|
| 650 |
0 |
4 |
|a Hevessy, Ladislav hevessi st. (zamestnanec finančný, [?]-1917) - Sporiteľňa, Tornaľa (SS) - pôsobenie - Tornaľa (SS) - 1.11.1917 - úmrtie - správy
|
| 773 |
0 |
|
|t Murányvölgye : Szépirodalmi, társadalmi és közgazdasági hetilap
|g Roč. 7, č. 45 (11.11.1917) s. 2
|
| 957 |
|
|
|a Tornaľa
|
| 958 |
|
|
|a DG
|
| 958 |
|
|
|a SK
|
| 974 |
|
|
|a ebl
|d 20010411
|
| 992 |
|
|
|a RBX
|
| BAS |
|
|
|
| 998 |
|
|
|a RETRO
|